Bihar district gazetteers: Gaya (Record no. 387890)

000 -LEADER
fixed length control field 00354cam a22001217a 4500
008 - FIXED-LENGTH DATA ELEMENTS--GENERAL INFORMATION
fixed length control field 180718b1957 xxu||||| |||| 00| 0 eng d
082 ## - DEWEY DECIMAL CLASSIFICATION NUMBER
Classification number A75 B489G
100 ## - MAIN ENTRY--PERSONAL NAME
Personal name Roy Chaudhury, P.C.
245 ## - TITLE STATEMENT
Title Bihar district gazetteers: Gaya
Statement of responsibility, etc. by P.C. Roy Chaudhury
260 ## - PUBLICATION, DISTRIBUTION, ETC.
Place of publication, distribution, etc. Patna
Name of publisher, distributor, etc. Bihar District Gazetteers
Date of publication, distribution, etc. 1957
300 ## - PHYSICAL DESCRIPTION
Extent 370+p.
650 ## - SUBJECT ADDED ENTRY--TOPICAL TERM
Topical term or geographic name entry element Gaya - Gazetteers
Holdings
Withdrawn status Lost status Damaged status Not for loan Permanent Location Current Location Date acquired Full call number Barcode Date last seen Price effective from Koha item type
        Indian Institute of Public Administration Indian Institute of Public Administration 1998-09-21 A75 B489G 17280 2018-07-21 2018-07-21 Book

Powered by Koha